Joan edukira

Дисперсные системы Учебное пособие

Приведен ценный теоретический и графический материал. Изложены цель методы и порядок выполнения четырех лабораторных работ по теме "Дисперсные системы": 1. Получение и свойства гидрофобных золей (коллоидных растворов). 2. Коагуляция золей электролитами. 3. Коллоидная защита. 4. Пол...

Deskribapen osoa

Gorde:
Xehetasun bibliografikoak
Egile nagusia: Нуштаева А.В
Formatua: Учебное пособие
Edizioa:1
Sarrera elektronikoa:https://znanium.com/catalog/document?id=258763
https://znanium.com/cover/0365/365172.jpg
Etiketak: Etiketa erantsi
Etiketarik gabe, Izan zaitez lehena erregistro honi etiketa jartzen!
LEADER 02342nam0a2200289 i 4500
001 RU\infra-m\znanium\bibl\365172
003 https://znanium.com/catalog/document?id=258763
005 20200924000000.0
100 |a 20200924d2012 m y0rusy0150 ca 
101 0 |a rus 
102 |a RU 
200 1 |a Дисперсные системы  |e Учебное пособие  |f Пензенский государственный университет архитектуры и строительства 
205 |a 1 
215 |a 28 с. 
330 |a Приведен ценный теоретический и графический материал. Изложены цель методы и порядок выполнения четырех лабораторных работ по теме "Дисперсные системы": 1. Получение и свойства гидрофобных золей (коллоидных растворов). 2. Коагуляция золей электролитами. 3. Коллоидная защита. 4. Получение гидрогелей поликремневых кислот. Лабораторный практикум разработан на кафедре химии для студентов специальностей 330200 "Инженерная защита ОС" и 290600 "Производство строительных материалов". 
333 |a ВО - Бакалавриат 
606 |a Химические науки  |x Коллоидная химия  |2 local 
608 |a Учебное пособие  |2 local 
675 |a 547  |z rus 
686 |a 246  |2 rubbk 
686 |a 04.03.01  |2 okso 
686 |a 04.03.02  |2 okso 
700 1 |a Нуштаева  |b А.В.  |g Алла Владимировна  |p Пензенский государственный университет архитектуры и строительства 
701 1 |a Кругляков  |b П.М.  |g Петр Максимович 
801 0 |a RU  |b Общество с ограниченной ответственностью «ЗНАНИУМ»  |c 20120621  |2 rusmarc 
856 4 |a znanium.com  |m ebs_support@infra-m.ru  |n НИЦ ИНФРА-М  |u https://znanium.com/catalog/document?id=258763 
856 4 1 |a znanium.com  |d /cover/0365  |f 365172.jpg  |q image/jpeg  |u https://znanium.com/cover/0365/365172.jpg